000 00668nam a2200253 i 4500
001 C2-0267205
003 PPAK
005 20180727234458.0
008 050908s1993 ctua|||| ||||| | eng d
040 _aPPAK
_beng
_cPPAK
_erda
082 0 4 _a595.7
_223
090 0 0 _a595.7
_bTES
_dR
100 1 _aTesar, Jenny,
_eauthor
245 1 0 _aInsects
264 1 _aConnecticut :
_bBlackbirch Press ,
_c1993
300 _a64 pages :
_bcolour illustrations ;
_c29 cm
336 _2rdacontent
_atext
337 _2rdamedia
_aunmediated
338 _2rdacarrier
_avolume
490 1 _aOur living world
650 1 0 _aInsects
830 0 _aOur living world
942 _ddc
_cB
999 _c76219
_d76219